Click Fast: 15 Numbers Challenge - Statistics

General Stats
  • This quiz has been taken 10,232 times
    4,956 since last reset
  • The average score is 13 of 15
Answer Stats
Hint Answer % Correct
11
11
85%
14
14
85%
4
4
85%
7
7
85%
1
1
84%
12
12
84%
2
2
84%
3
3
84%
6
6
84%
8
8
84%
9
9
84%
10
10
83%
13
13
83%
15
15
83%
5
5
83%
No matching quizzes found
Score Distribution
Percent of People with Each Score
Percentile by Number Answered
Your Score History
You have not taken this quiz since the last reset